000 00685nam a2200217Ia 4500
005 20220624113557.0
008 210716s2012 xx 000 0 und d
020 _a9780198075479
040 _cAIMIT LIBRARY
041 _aeng
082 _a003
_21
_bPRIP
100 _aPai, Pradeep Prabhakar.
_944936
245 _aOperations research:
_bprinciples and practice /
_cBy Praddep Prabhakar Pai.
250 _a1st ed.
260 _aNew Delhi ;
_bOxford University Press ,
_c2012.
300 _axvi,827 p. ;
_c25cm.
650 _aLinear programming problem
_944937
650 _aInventory management
_944938
650 _aDynamic programming
_944939
942 _2ddc
_cBK
_e1st
_k003 PRIP
999 _c193721
_d193721